000 00606nam a2200241 a 4500
001 nice12345678
003 IN_TiNIC
005 20260116012738.0
008 050524s1982 alba grp 000 0 eng
020 _a0910608334
_c0
082 0 0 _a025.43
_bDEW1
100 _aDewey, Melvil
245 _aDewey Decimal Classification, 301-307 Sociology
260 _aAlbany, NY
_bForest Press
_c1982
300 _a52p
500 _aincludes index and biblioraphy
505 2 _aIndex
700 1 _aJ Phillip Comaromi
700 1 _aMargaret J Warren
902 _bRBA
942 _cBK
999 _c8200
_d8200